| 000 | 01175nam a22003491i 4500 | ||
|---|---|---|---|
| 001 | bslw10055251 | ||
| 005 | 20240305165651.0 | ||
| 006 | m o d | ||
| 007 | cr un ---uuuua | ||
| 008 | 230530s2015 ck ad ob 000 0 spa d | ||
| 020 | _a9789587712926 | ||
| 020 |
_a9789587712889 _q(e-book) |
||
| 035 | _a38410 | ||
| 040 |
_aUtOrBLW _beng _erda _cUtOrBLW |
||
| 050 | 4 |
_aHG4551 _b.C67 2015 |
|
| 082 | 0 | 4 |
_a332.642 _223 |
| 100 | 1 |
_aCórdoba Padilla, Marcial, _eauthor. |
|
| 245 | 1 | 0 |
_aMercado de valores / _cMarcial Córdoba Padilla. |
| 250 | _aPrimera edición. | ||
| 264 | 1 |
_aBogotá, Colombia : _bEcoe Ediciones, _c2015. |
|
| 300 |
_a1 online resource (xiii, 440 pages) : _billustrations, charts |
||
| 336 |
_atext _btxt _2rdacontent |
||
| 337 |
_acomputer _bc _2rdamedia |
||
| 338 |
_aonline resource _bcr _2rdacarrier |
||
| 490 | 1 | _aColección: Ciencias Empresariales. Área Contabilidad y Finanzas | |
| 504 | _aIncludes bibliographical references. | ||
| 650 | 0 | _aStock exchanges. | |
| 650 | 0 | _aFinance. | |
| 830 | 0 |
_aColección: Ciencias Empresariales. _pContabilidad y Finanzas. |
|
| 856 | 4 | 0 | _uhttps://app.vlex.com/#/sources/38410 |
| 942 | _cRAA | ||
| 999 |
_c172758 _d172758 |
||